Guess the FNaF character #1 - Statistics

General Stats
  • This quiz has been taken 90 times
  • The average score is 7 of 8
Answer Stats
Picture Answer % Correct
Freddy
100%
Bonnie
96%
Chica
93%
Foxy
93%
Golden Freddy
91%
Nightmare
89%
Springtrap
89%
Marionette
76%
No matching quizzes found
Score Distribution
Percent of People with Each Score
Percentile by Number Answered
Your Score History
You have not taken this quiz